| 000 | 00809cam a2200241 4500 | ||
|---|---|---|---|
| 001 | ABS62129 | ||
| 008 | 000000n2000 000 0 eng u | ||
| 035 | _a(Sirsi) u105509 | ||
| 100 | _aLong, P. | ||
| 245 | _aForce majeure in international construction contracts | ||
| 260 | _c2000 | ||
| 490 |
_aConstruction Law Bulletin _vWinter1999/2000, 13-15(3) |
||
| 520 | _aExamines some of the features of force majeure provisions in international construction contracts. | ||
| 590 | _aABS | ||
| 650 | _aFORCE MAJEURE | ||
| 650 | _aBUILT ENVIRONMENT-BUILDING CONTRACT FORMS | ||
| 650 | _aICE CONDITIONS OF CONTRACT | ||
| 650 | _aFIDIC | ||
| 650 | _aJCT STANDARD FORM OF BUILDING CONTRACT (1998 EDITION) | ||
| 690 | _aBUILT ENVIRONMENT-BUILDING CONTRACT FORMS | ||
| 700 | _aLonergan, R. | ||
| 942 | _n0 | ||
| 999 |
_c63218 _d63218 |
||